000 01334nam0a22003251 4500
001 v19\rc\1896897
005 20251118180433.5
035 _a(NLR Aleph) 004983010
090 _a6205180
_c6205180
100 _a20251123 rusy50
101 0 _arus
102 _aRU
105 _aa z |||||
200 1 _aСкотобойни
_fАрнольд Карлович Енш, гражд. инж., проф. Риж. политехн. ин-та
210 _aСанкт-Петербург
_cтип. Спб. градоначальства
_d1911
215 _a186 с.
_cил.
_d25
300 _aЗагл. обл.: Очерки санитарной техники. Скотобойни и их оборудование
311 _aОтт. из журн. "Зодчий" за 1911 г.
320 _aБиблиогр.: "Главнейшая литература" (с. 184-186)
488 0 _12001#$aЗодчий$v1911
_tЗодчий
512 0 _aОчерки санитарной техники
_eСкотобойни и их оборудование
700 1 _aЕнш
_bА.К.
_f1866-
_gАрнольд Карлович
801 0 _aRU
_bNLR
_gpsbo
801 0 _aRU
_bRuMoRGB
_2psbo
801 1 _aRU
_bProSoft-M
_2rusmarc
852 _aNLR
_j116/932
899 _aRuMoRGB
_jM 72/163
899 _aБАН
942 _cBOOK
980 _aNB